[Event "Open de Cappelle la Grande"]
[Site "?"]
[Date "2002.02.13"]
[Round "6"]
[White "Kveinys, A."]
[Black "Eliet, N."]
[Result "1-0"]
[WhiteElo "2555"]
[BlackElo "2401"]
[PlyCount "59"]

1. e4 c6 2. d4 d5 3. Nd2 dxe4 4. Nxe4 Bf5 5. Ng3 Bg6 6. Bc4 e6 7. N1e2 Bd6 8.
h4 h6 9. Nf4 Bxf4 10. Bxf4 Nf6 11. Qe2 O-O 12. h5 Bh7 13. O-O-O b5 14. Bd3 Bxd3
15. Rxd3 Qd5 16. Kb1 Nbd7 17. f3 Rfc8 18. Ne4 Nxh5 19. Bd2 Nhf6 20. g4 Nh7 21.
Qh2 Ndf8 22. Bxh6 gxh6 23. Qxh6 Qd8 24. g5 f5 25. Nf6+ Nxf6 26. gxf6 Kf7 27.
Qg7+ Ke8 28. Rh8 Qd6 29. Re3 Qd8 30. Qg5 1-0

[Event "Open de Cappelle la Grande"]
[Site "?"]
[Date "2002.02.13"]
[Round "6"]
[White "Lobzhanidze, D."]
[Black "Luther, T."]
[Result "1/2-1/2"]
[WhiteElo "2491"]
[BlackElo "2573"]
[PlyCount "35"]

1. e4 e6 2. d4 d5 3. Nd2 c5 4. exd5 Qxd5 5. Ngf3 cxd4 6. Bc4 Qd6 7. O-O Nf6 8.
Nb3 Nc6 9. Nbxd4 Nxd4 10. Qxd4 Bd7 11. Be2 Qxd4 12. Nxd4 Bc5 13. Nb3 Bb6 14. a4
a5 15. Bf3 Rc8 16. c3 Bc6 17. Bxc6+ Rxc6 18. Bf4 1/2-1/2

[Event "Open de Cappelle la Grande"]
[Site "?"]
[Date "2002.??.??"]
[Round "6.11"]
[White "Fontaine, Robert"]
[Black "Nogueiras, Jesus"]
[Result "1/2-1/2"]
[WhiteElo "2469"]
[BlackElo "2521"]
[PlyCount "26"]

1. e4 e6 2. d4 d5 3. Nc3 dxe4 4. Nxe4 Nd7 5. Bd3 Ngf6 6. Qe2 c5 7. Nxf6+ Nxf6
8. dxc5 Bxc5 9. Bd2 Qc7 10. Nf3 Bd7 11. O-O Bd6 12. Rfe1 Bc6 13. Ne5 Bxe5
1/2-1/2

[Event "Open de Cappelle la Grande"]
[Site "?"]
[Date "2002.??.??"]
[Round "6.13"]
[White "Mista, Aleksander"]
[Black "Belkhodja, Slim"]
[Result "1/2-1/2"]
[WhiteElo "2419"]
[BlackElo "2506"]
[PlyCount "25"]

1. e4 c5 2. Nf3 Nc6 3. d4 cxd4 4. Nxd4 Nf6 5. Nc3 e6 6. Ndb5 Bb4 7. a3 Bxc3+ 8.
Nxc3 d5 9. exd5 exd5 10. Bd3 d4 11. Ne2 O-O 12. O-O Bg4 13. Bg5 1/2-1/2

[Event "Open de Cappelle la Grande"]
[Site "?"]
[Date "2002.??.??"]
[Round "6.14"]
[White "Gormally, Daniel"]
[Black "Cabrera, Alexis"]
[Result "1-0"]
[WhiteElo "2506"]
[BlackElo "2415"]
[PlyCount "79"]

1. e4 c5 2. Nc3 d6 3. Nf3 Nf6 4. d4 cxd4 5. Nxd4 Nc6 6. Bc4 Bd7 7. h3 g6 8. O-O
Bg7 9. Be3 O-O 10. Bb3 a6 11. Qd3 Rc8 12. f4 Qa5 13. Nf3 Qh5 14. Rae1 b5 15. a3
b4 16. axb4 Nxb4 17. Qd2 Bc6 18. Bd4 Rcd8 19. Qf2 Qh6 20. Ng5 Be8 21. Be3 Bc6
22. f5 Qh5 23. g4 Nxg4 24. hxg4 Qxg4+ 25. Qg2 Qxg2+ 26. Kxg2 Bf6 27. Rh1 gxf5
28. Nd5 Bxd5 29. exd5 Bxb2 30. Nxh7 Rfe8 31. Bd2 Rb8 32. Ng5 Bf6 33. Nf3 Rec8
34. Rhg1 Bg7 35. Bxb4 Rxb4 36. Rxe7 Rc3 37. Kf2 Rg4 38. Rxg4 fxg4 39. Re8+ Bf8
40. Nd4 1-0

[Event "Open de Cappelle la Grande"]
[Site "?"]
[Date "2002.??.??"]
[Round "6.15"]
[White "Solleveld, Maarten"]
[Black "Shaw, John"]
[Result "1/2-1/2"]
[WhiteElo "2413"]
[BlackElo "2506"]
[PlyCount "47"]

1. e4 c5 2. Nf3 Nc6 3. d4 cxd4 4. Nxd4 e5 5. Nb5 d6 6. N1c3 a6 7. Na3 Be7 8.
Nc4 b5 9. Ne3 Nf6 10. Bd3 O-O 11. O-O Rb8 12. a3 Nd4 13. Ncd5 Ne6 14. b4 Nxd5
15. Nxd5 Bg5 16. a4 Bxc1 17. Qxc1 Nc7 18. Nxc7 Qxc7 19. axb5 axb5 20. Ra5 f5
21. Rxb5 Rxb5 22. Bxb5 fxe4 23. c4 Bb7 24. Qe3 1/2-1/2

[Event "Open de Cappelle la Grande"]
[Site "?"]
[Date "2002.??.??"]
[Round "6.16"]
[White "Pilgaard, Kim"]
[Black "Gallager, Joseph"]
[Result "1/2-1/2"]
[WhiteElo "2400"]
[BlackElo "2503"]
[PlyCount "51"]

1. e4 c5 2. Nf3 d6 3. d4 cxd4 4. Nxd4 Nf6 5. Nc3 a6 6. Bg5 e6 7. f4 Be7 8. Qf3
Qc7 9. O-O-O Nbd7 10. Qg3 h6 11. Bh4 g5 12. fxg5 Nh5 13. Qe3 Qc5 14. Qd2 Bxg5
15. Bxg5 Qxg5 16. Be2 Nhf6 17. Nf3 Qxd2+ 18. Rxd2 Ke7 19. Rhd1 Ne8 20. a4 b6
21. Rd4 Ra7 22. Nd2 Ne5 23. Rb4 Nd7 24. Rd4 Ne5 25. Rb4 Nd7 26. Rd4 1/2-1/2

[Event "Open de Cappelle la Grande"]
[Site "?"]
[Date "2002.??.??"]
[Round "6.17"]
[White "Zagrebelny, Sergey"]
[Black "Sclacmender, Julien"]
[Result "1-0"]
[WhiteElo "2503"]
[BlackElo "2170"]
[PlyCount "77"]

1. e4 c5 2. Nf3 Nc6 3. d4 cxd4 4. Nxd4 Nf6 5. Nc3 e5 6. Ndb5 d6 7. Nd5 Nxd5 8.
exd5 Nb8 9. a4 Be7 10. Bd3 O-O 11. O-O f5 12. f4 a6 13. Na3 e4 14. Be2 Nd7 15.
Be3 b6 16. c3 Bb7 17. Qb3 Rb8 18. Rfd1 Nc5 19. Qc2 Qc7 20. b4 Nd7 21. Qb3 Bf6
22. Rac1 Kh8 23. Kh1 Qd8 24. Nc4 Be7 25. Qc2 Ba8 26. Bd4 Nf6 27. Ne3 Qc8 28.
Qa2 Nd7 29. a5 Bf6 30. axb6 Bxd4 31. Rxd4 Rxb6 32. Qa3 Nf6 33. Ra1 Ng4 34. Nc4
Qd8 35. Nxb6 Qxb6 36. Qxa6 Qd8 37. Bxg4 fxg4 38. Rxe4 h5 39. Qa5 1-0

[Event "Open de Cappelle la Grande"]
[Site "?"]
[Date "2002.??.??"]
[Round "6.19"]
[White "Bobras, Piotr"]
[Black "Belikov, Vladimir"]
[Result "0-1"]
[WhiteElo "2431"]
[BlackElo "2483"]
[PlyCount "50"]

1. e4 e6 2. d4 d5 3. Nc3 Nf6 4. e5 Nfd7 5. f4 c5 6. Nf3 a6 7. Be3 Qb6 8. a3 Nc6
9. dxc5 Bxc5 10. Na4 Qa5+ 11. b4 Qxa4 12. bxc5 Rb8 13. Qd2 O-O 14. Qc3 f6 15.
exf6 Nxf6 16. Bd3 Ng4 17. Bd2 e5 18. fxe5 Ngxe5 19. Nxe5 Nxe5 20. Qxe5 Re8 21.
Qxe8+ Qxe8+ 22. Kd1 Qh5+ 23. Kc1 Bf5 24. Bxf5 Qxf5 25. Kb1 d4 0-1

[Event "Open de Cappelle la Grande"]
[Site "?"]
[Date "2002.??.??"]
[Round "6.25"]
[White "Hebden, Mark"]
[Black "Jedynak, Radoslaw"]
[Result "0-1"]
[WhiteElo "2558"]
[BlackElo "2403"]
[PlyCount "106"]

1. d4 e6 2. Nf3 Nf6 3. c3 b6 4. Bg5 Be7 5. Nbd2 O-O 6. e4 d5 7. e5 Nfd7 8. h4
Ba6 9. Bxa6 Nxa6 10. Qe2 Nab8 11. O-O-O c5 12. Bxe7 Qxe7 13. Ng5 Rc8 14. Kb1
Nc6 15. Ndf3 c4 16. Nh2 b5 17. Ng4 b4 18. Rh3 Rab8 19. Qc2 Nf8 20. Rf3 bxc3 21.
Qxc3 Qb4 22. Qxb4 Rxb4 23. Rc3 Rcb8 24. Rd2 Nd7 25. Ne3 Nxd4 26. Rxd4 Rxb2+ 27.
Kc1 Nxe5 28. Rc2 Rb1+ 29. Kd2 h6 30. Nh3 Nc6 31. Rg4 h5 32. Rg3 Nd4 33. Nf4
Nxc2 34. Nxc2 g6 35. Ra3 d4 36. Rxa7 d3 37. Nxd3 cxd3 38. Kxd3 Rd8+ 39. Ke3 Rb2
40. Nd4 Rxd4 41. Kxd4 Rxf2 42. a4 Rxg2 43. a5 Rg4+ 44. Kc5 Rxh4 45. a6 Ra4 46.
Kb6 h4 47. Rc7 g5 48. Rc5 Rxa6+ 49. Kxa6 f5 50. Kb5 g4 51. Rc1 h3 52. Rh1 f4
53. Kc4 g3 0-1

[Event "Open de Cappelle la Grande"]
[Site "?"]
[Date "2002.??.??"]
[Round "6.27"]
[White "Slobodan, Roman"]
[Black "Brochet, Philippe"]
[Result "0-1"]
[WhiteElo "2527"]
[BlackElo "2381"]
[PlyCount "72"]

1. c4 e5 2. Nc3 Bb4 3. Qc2 Nf6 4. a3 Bxc3 5. Qxc3 Qe7 6. Nf3 Nc6 7. e3 e4 8.
Nd4 Nxd4 9. Qxd4 c5 10. Qc3 O-O 11. d4 exd3 12. Bxd3 d5 13. cxd5 Nxd5 14. Qc2
h6 15. O-O b6 16. Bd2 Rd8 17. Rad1 Bg4 18. Rde1 Rac8 19. f3 Bd7 20. Ba6 Rc6 21.
e4 Nc7 22. Bc4 Ne6 23. Be3 Nd4 24. Bxd4 cxd4 25. Qe2 Qg5 26. f4 Qg4 27. Rf3 Qh4
28. Rff1 Bg4 29. Qd3 Rxc4 30. Qxc4 d3 31. g3 Qh5 32. Qc7 Rc8 33. Qd6 Rc2 34. h4
d2 35. Rd1 Qc5+ 36. Qxc5 bxc5 0-1

[Event "Open de Cappelle la Grande"]
[Site "?"]
[Date "2002.??.??"]
[Round "6.28"]
[White "Lalic, Bogdan"]
[Black "Kaabi, Mejdi"]
[Result "1-0"]
[WhiteElo "2523"]
[BlackElo "2352"]
[PlyCount "89"]

1. d4 Nf6 2. c4 g6 3. Nc3 Bg7 4. e4 d6 5. Be2 O-O 6. Bg5 c5 7. d5 b5 8. cxb5 a6
9. a4 Qa5 10. Bd2 axb5 11. Bxb5 Ba6 12. Nge2 Nbd7 13. O-O Ne5 14. b3 Nd3 15.
Rb1 Nb4 16. Ng3 h5 17. f3 Qb6 18. Bxa6 Rxa6 19. Kh1 e6 20. dxe6 fxe6 21. Nb5 d5
22. Bxb4 cxb4 23. exd5 Nxd5 24. Re1 Nf4 25. Qc2 Raa8 26. Ne4 Rac8 27. Qd2 Rcd8
28. Qe3 Qxe3 29. Rxe3 Nd5 30. Ree1 Nc3 31. Nbxc3 bxc3 32. Rec1 Rd3 33. Kg1 Rfd8
34. Rc2 Rc8 35. b4 Rc4 36. a5 Rdd4 37. b5 Rb4 38. Rxb4 Rxb4 39. Nxc3 Bxc3 40.
Rxc3 Rxb5 41. Ra3 Rb7 42. a6 Ra7 43. Kf2 Kf7 44. Ke3 Ke7 45. Ke4 1-0

[Event "Open de Cappelle la Grande"]
[Site "?"]
[Date "2002.??.??"]
[Round "6.29"]
[White "Yu, Shaoteng"]
[Black "Upton, Timothy"]
[Result "1-0"]
[WhiteElo "2522"]
[BlackElo "2305"]
[PlyCount "80"]

1. e4 e5 2. Nf3 Nc6 3. Bc4 Nf6 4. d3 Be7 5. O-O O-O 6. Bb3 d6 7. c3 Na5 8. Bc2
c5 9. Re1 Nc6 10. Nbd2 Re8 11. Nf1 h6 12. h3 Bf8 13. Ng3 d5 14. exd5 Qxd5 15.
Bb3 Qd6 16. Nh4 Be6 17. Nhf5 Qd7 18. Qf3 Bxb3 19. axb3 Re6 20. Ne4 Nxe4 21.
dxe4 Kh7 22. Rd1 Qe8 23. h4 Rd8 24. Rxd8 Qxd8 25. Nxh6 Rxh6 26. Bxh6 Kxh6 27.
Qxf7 Qe7 28. Qg8 Qd8 29. Qf7 Qe7 30. Qg8 Qd8 31. Re1 Be7 32. Qe6+ Kh7 33. h5
Bg5 34. Qf7 Qd2 35. Qf5+ Kh8 36. Qc8+ Kh7 37. Qf5+ Kh8 38. Rf1 Qd8 39. Qg4 Bf4
40. Ra1 40... Qg8 {suite imcomprehensible} 1-0

[Event "Open de Cappelle la Grande"]
[Site "?"]
[Date "2002.??.??"]
[Round "6.30"]
[White "Dumitrache, Dragos"]
[Black "Piscopo, Pierluigo"]
[Result "1-0"]
[WhiteElo "2506"]
[BlackElo "2256"]
[PlyCount "86"]

1. d4 Nf6 2. c4 g6 3. Nc3 Bg7 4. e4 d6 5. Be2 O-O 6. Bg5 Nbd7 7. Qd2 e5 8. d5
a5 9. O-O-O Nc5 10. f3 Bd7 11. h4 Ra6 12. h5 c6 13. Kb1 a4 14. Nh3 Qa5 15. g4
cxd5 16. Nxd5 Nxd5 17. cxd5 Qxd2 18. Rxd2 b5 19. h6 Bh8 20. Be7 Re8 21. Bh4 Ra7
22. Rg1 Rb7 23. Nf2 Kf8 24. Nd3 Na6 25. Rc2 Rc8 26. Rxc8+ Bxc8 27. Rc1 Bd7 28.
Bg5 Ke8 29. Kc2 Rc7+ 30. Kd1 Rxc1+ 31. Kxc1 f5 32. Bh4 fxg4 33. fxg4 g5 34.
Bxg5 Kf7 35. Be3 Bf6 36. g5 Bd8 37. Bh5+ Kf8 38. g6 hxg6 39. Bxg6 Be8 40. Bf5
Nb8 41. Kc2 Kg8 42. Nb4 Nd7 43. Nc6 Bh4 1-0

[Event "Open de Cappelle la Grande"]
[Site "?"]
[Date "2002.??.??"]
[Round "6.33"]
[White "Cornette, Mathieu"]
[Black "Matlak, Marek"]
[Result "1/2-1/2"]
[WhiteElo "2357"]
[BlackElo "2488"]
[PlyCount "39"]

1. e4 e6 2. d4 d5 3. Nc3 Bb4 4. Nge2 Nf6 5. e5 Ne4 6. a3 Nxc3 7. Nxc3 Bxc3+ 8.
bxc3 O-O 9. Bd3 f5 10. exf6 Qxf6 11. O-O Nc6 12. Qh5 g6 13. Qg5 e5 14. Qxf6
Rxf6 15. Bg5 Rf7 16. dxe5 Nxe5 17. Rfe1 Nxd3 18. cxd3 Bd7 19. d4 Re8 20. Rxe8+
1/2-1/2

[Event "Open de Cappelle la Grande"]
[Site "?"]
[Date "2002.??.??"]
[Round "6.34"]
[White "Belikov, Vladimir"]
[Black "Castaigmet, Laurent"]
[Result "1-0"]
[WhiteElo "2483"]
[BlackElo "2193"]
[PlyCount "60"]

1. e4 c5 2. Nf3 e6 3. Nc3 d6 4. d4 cxd4 5. Nxd4 Nf6 6. Be2 Be7 7. O-O Nc6 8.
Be3 O-O 9. f4 a6 10. a4 Qc7 11. Kh1 Re8 12. Bg1 Rb8 13. Qd3 e5 14. Nb3 exf4 15.
Rxf4 Be6 16. Raf1 Nb4 17. Qg3 Nd7 18. Nd4 Ne5 19. Bh5 g6 20. Nxe6 fxe6 21. Bg4
Bf8 22. Rf6 Nxg4 23. Qxg4 Qe7 24. e5 Nc6 25. exd6 Qxd6 26. Ne4 Qe5 27. Ng5 Bg7
28. Rxe6 Rxe6 29. Nxe6 Qxb2 30. Nxg7 Qxg7 1-0

[Event "Open de Cappelle la Grande"]
[Site "?"]
[Date "2002.??.??"]
[Round "6.35"]
[White "Vallin, Guillaume"]
[Black "Petrov, Marijan"]
[Result "1-0"]
[WhiteElo "2356"]
[BlackElo "2476"]
[PlyCount "67"]

1. d4 g6 2. e4 Bg7 3. Nc3 c6 4. f4 d5 5. e5 Nh6 6. Nf3 Bg4 7. Be3 Nf5 8. Bf2 f6
9. h3 Bxf3 10. Qxf3 fxe5 11. dxe5 e6 12. h4 Qa5 13. O-O-O Nd7 14. g4 Ne7 15.
Bh3 Rf8 16. Qg3 b5 17. Kb1 Nb6 18. Ne2 Na4 19. b3 Nb6 20. Nd4 c5 21. Nxe6 d4
22. Nxg7+ Kf7 23. f5 Ned5 24. Be1 Qa3 25. e6+ Kxg7 26. Qe5+ Kg8 27. e7 Nxe7 28.
Qe6+ Rf7 29. f6 Ned5 30. Rf1 Raf8 31. Bd2 Na4 32. bxa4 Qxh3 33. Bh6 Qc3 34.
Bxf8 1-0

[Event "Open de Cappelle la Grande"]
[Site "?"]
[Date "2002.??.??"]
[Round "6.37"]
[White "Cosma, Ioan"]
[Black "Redon, Bruno"]
[Result "1/2-1/2"]
[WhiteElo "2461"]
[BlackElo "2385"]
[PlyCount "99"]

1. d4 Nf6 2. Nf3 g6 3. g3 c5 4. Bg2 cxd4 5. O-O Bg7 6. Nxd4 d5 7. c4 O-O 8.
cxd5 Nxd5 9. Nc3 Nxc3 10. bxc3 a6 11. Rb1 e5 12. Nc2 Nc6 13. Ba3 Qxd1 14. Rfxd1
Re8 15. Ne3 Be6 16. Rxb7 Na5 17. Rb6 Ra7 18. Bd5 Bh6 19. Bxe6 Bxe3 20. fxe3
fxe6 21. Bc5 Rc8 22. Rb8 Rxb8 23. Bxa7 Rb7 24. Bc5 Nc4 25. Rd8+ Kf7 26. Rf8+
Kg7 27. Ra8 a5 28. Bf8+ Kf6 29. Bh6 Rc7 30. g4 Ke7 31. e4 Kd7 32. Kg2 Nd6 33.
Rxa5 Nxe4 34. Bg7 Rxc3 35. Bxe5 Re3 36. Kf1 h5 37. gxh5 gxh5 38. Bd4 Rh3 39.
Kg2 Rh4 40. h3 Nd6 41. Bf2 Rc4 42. Rxh5 Rc2 43. a4 Rxe2 44. Kf3 Ra2 45. Rh4 e5
46. Rh7+ Kc6 47. Bg3 Ra3+ 48. Kg2 Ra2+ 49. Kf3 Ra3+ 50. Kg2 1/2-1/2

[Event "Open de Cappelle la Grande"]
[Site "?"]
[Date "2002.??.??"]
[Round "6.40"]
[White "Van Der Weide, Karel"]
[Black "Guilbert, Jean-Louis"]
[Result "1-0"]
[WhiteElo "2454"]
[BlackElo "2096"]
[PlyCount "69"]

1. e4 c5 2. Nf3 e6 3. d3 g6 4. g3 Bg7 5. Bg2 Ne7 6. O-O O-O 7. c3 Nbc6 8. Nbd2
d6 9. Re1 h6 10. h4 Bd7 11. Nc4 Qc7 12. a4 a5 13. Qb3 Ra6 14. Be3 e5 15. h5 g5
16. Nh2 Be6 17. Bf3 f5 18. exf5 Nxf5 19. Bg4 Nce7 20. Bd2 d5 21. Na3 e4 22. Nb5
Qb8 23. dxe4 c4 24. Qa3 dxe4 25. Rxe4 Be5 26. Re2 Bd5 27. Bxf5 Nxf5 28. Qc5 Rd8
29. Rxe5 Qxe5 30. Re1 Qb8 31. Re8+ Rxe8 32. Qxd5+ Rae6 33. Qxf5 Qe5 34. Qxe5
Rxe5 35. Ng4 1-0

[Event "Open de Cappelle la Grande"]
[Site "?"]
[Date "2002.??.??"]
[Round "6.41"]
[White "Maeurer, Christoph"]
[Black "Handke, Florian"]
[Result "1-0"]
[WhiteElo "2314"]
[BlackElo "2450"]
[PlyCount "41"]

1. b4 Nf6 2. Bb2 e6 3. b5 b6 4. e3 Bb7 5. Nf3 Be7 6. Be2 d6 7. O-O O-O 8. c4 c5
9. d3 Nbd7 10. a4 Qc7 11. Qc2 d5 12. Nbd2 e5 13. cxd5 Nxd5 14. Nc4 Bf6 15. Rfc1
Rfe8 16. Qb1 e4 17. dxe4 Bxb2 18. Qxb2 Rxe4 19. a5 Nb4 20. Ncd2 Ree8 21. Qxb4
1-0

[Event "Open de Cappelle la Grande"]
[Site "?"]
[Date "2002.??.??"]
[Round "6.42"]
[White "Van Doeland, Julius"]
[Black "Stryjecki, Marek"]
[Result "0-1"]
[WhiteElo "2293"]
[BlackElo "2445"]
[PlyCount "80"]

1. c4 g6 2. Nc3 Bg7 3. g3 d6 4. Bg2 Nf6 5. b3 O-O 6. Bb2 e5 7. Nf3 Re8 8. d3 c6
9. O-O d5 10. e4 d4 11. Ne2 a5 12. h3 Na6 13. Ne1 Nd7 14. f4 f6 15. Nf3 a4 16.
fxe5 fxe5 17. Qd2 Qb6 18. Ba3 axb3 19. axb3 c5 20. Bb2 Rb8 21. Ra5 Qxb3 22. Rb1
Qb6 23. Rb5 Qc6 24. Ba3 h6 25. Nh4 Kh7 26. Bf3 Nc7 27. R5b3 b5 28. cxb5 Rxb5
29. Qc2 Rxb3 30. Qxb3 Ba6 31. Nc1 Rb8 32. Qc2 Rxb1 33. Qxb1 c4 34. dxc4 Bxc4
35. Nd3 Nb5 36. Bb2 Nc3 37. Qc2 Qb5 38. Bxc3 Bxd3 39. Qd2 dxc3 40. Qxc3 Qc5+
0-1

[Event "Open de Cappelle la Grande"]
[Site "?"]
[Date "2002.??.??"]
[Round "6.44"]
[White "Royer, Sylvain"]
[Black "Foisor , Christina"]
[Result "0-1"]
[WhiteElo "2242"]
[BlackElo "2438"]
[PlyCount "94"]

1. Nf3 g6 2. c4 Bg7 3. d4 d6 4. Nc3 Nd7 5. e4 e5 6. Be2 Nh6 7. dxe5 dxe5 8. h3
f6 9. Be3 Nf7 10. Qc2 c6 11. Rd1 Qe7 12. O-O O-O 13. c5 Re8 14. b4 Nf8 15. b5
f5 16. bxc6 bxc6 17. Na4 Ne6 18. exf5 gxf5 19. Rfe1 Qf6 20. Bc1 e4 21. Bb2 Qh6
22. Nh2 Nf4 23. Bf1 Qg6 24. Re3 Nh5 25. Be2 f4 26. Bxh5 Qxh5 27. Ree1 Bxb2 28.
Nxb2 Qg6 29. Kh1 Bf5 30. Qc1 Qg5 31. Nc4 Re6 32. Rg1 Rg6 33. Nd6 Ne5 34. g4
fxg3 35. Qxg5 Rxg5 36. Rxg3 Rxg3 37. fxg3 Bg6 38. Kg1 Rb8 39. Rd2 Rb1+ 40. Kg2
Nd3 41. h4 h5 42. Nf1 Nxc5 43. Nc8 Kf7 44. Ne3 Nd3 45. Nxa7 Re1 46. Nc4 e3 47.
Rxd3 Be4+ 0-1

[Event "Open de Cappelle la Grande"]
[Site "?"]
[Date "2002.??.??"]
[Round "6.46"]
[White "Ratsavong, Moukda"]
[Black "Heberla, Bartlomiej"]
[Result "0-1"]
[WhiteElo "1499"]
[BlackElo "2443"]
[PlyCount "35"]

1. Nf3 Nc6 2. d4 d6 3. c4 e5 4. Nc3 f6 5. e4 g6 6. Be2 Bg7 7. d5 Nce7 8. b4 Nh6
9. Be3 O-O 10. O-O Nf7 11. Qc2 f5 12. Ng5 f4 13. Nxf7 Rxf7 14. Bd2 g5 15. a4
Ng6 16. Ra3 g4 17. f3 g3 18. h3 0-1

[Event "Open de Cappelle la Grande"]
[Site "?"]
[Date "2002.??.??"]
[Round "6.47"]
[White "Apicella, Manuel"]
[Black "Naudin, Yvan"]
[Result "1-0"]
[WhiteElo "2520"]
[BlackElo "2053"]
[PlyCount "43"]

1. e4 c5 2. Nf3 d6 3. d4 cxd4 4. Nxd4 Nf6 5. Nc3 a6 6. Be3 e6 7. f3 b5 8. g4
Nfd7 9. Qd2 Nb6 10. Bd3 Bb7 11. a4 bxa4 12. Nxa4 N8d7 13. Nxb6 Nxb6 14. Nb3 Nd7
15. Na5 Bc8 16. O-O Ne5 17. Be2 Qc7 18. f4 Nd7 19. Ra3 Be7 20. Rc3 Nc5 21. b4
Nxe4 22. Rxc7 1-0

[Event "Open de Cappelle la Grande"]
[Site "?"]
[Date "2002.??.??"]
[Round "6.49"]
[White "Worek, Joanna"]
[Black "Halkias, Stelios"]
[Result "0-1"]
[WhiteElo "2224"]
[BlackElo "2546"]
[PlyCount "86"]

1. d4 Nf6 2. c4 c5 3. d5 b5 4. cxb5 a6 5. b6 Qxb6 6. Nc3 g6 7. e4 d6 8. Be2 Bg7
9. Nf3 Nbd7 10. O-O O-O 11. Nd2 Qc7 12. Qc2 Bb7 13. Kh1 Rae8 14. f4 e6 15. dxe6
fxe6 16. Bf3 Kh8 17. Qd3 Nb6 18. Nc4 Nxc4 19. Qxc4 Nd7 20. Rd1 Nb6 21. Qb3 g5
22. Bh5 Re7 23. f5 exf5 24. Bxg5 Bf6 25. Bxf6+ Rxf6 26. Nd5 Bxd5 27. exd5 Nd7
28. Rf1 Re5 29. Rae1 Rxe1 30. Rxe1 Ne5 31. Qa4 Qd8 32. Qxa6 c4 33. Qb5 Rf8 34.
Qb4 Kg7 35. Re3 f4 36. Ra3 Qg5 37. Ra7+ Kh6 38. Qxd6+ Rf6 39. Qe7 Kxh5 40.
Qxh7+ Rh6 41. Qe7 Qf5 42. Qe8+ Rg6 43. h3 Qb1+ 0-1

[Event "Cappelle La Grande"]
[Site "Cappelle la Grande"]
[Date "2002.02.14"]
[Round "7"]
[White "Baklan, v"]
[Black "Lobzhanidze, D."]
[Result "1-0"]
[WhiteElo "2609"]
[BlackElo "2491"]
[PlyCount "157"]

1. e4 e5 2. Nf3 d6 3. d4 Nf6 4. Nc3 Nbd7 5. Bc4 Be7 6. O-O O-O 7. a4 c6 8. Qe2
exd4 9. Nxd4 Re8 10. Ba2 Bf8 11. Qf3 Ne5 12. Qd1 Ng6 13. Re1 h6 14. Bb3 Bd7 15.
Nf3 Qc7 16. h3 Rad8 17. Qd3 d5 18. exd5 Rxe1+ 19. Nxe1 cxd5 20. Nf3 Bc6 21. Nb5
Bxb5 22. axb5 Ne5 23. Bf4 Nxf3+ 24. Qxf3 Qb6 25. Be3 Bc5 26. Bxc5 Qxc5 27. Qc3
Qxb5 28. Rxa7 Qb6 29. Qa5 Qxa5 30. Rxa5 Kf8 31. f3 Ke7 32. Rb5 Rd7 33. Kf2 Kd6
34. g4 Re7 35. h4 Kc6 36. Ra5 Kb6 37. Ra8 Kc6 38. Rd8 Nd7 39. c3 f6 40. h5 b5
41. Bc2 Nb6 42. b3 Kc7 43. Rf8 Nc8 44. Bh7 Nb6 45. Bf5 Kd6 46. Rb8 Kc5 47. Bg6
Kc6 48. Rg8 Kc5 49. Kg3 b4 50. cxb4+ Kxb4 51. Rb8 Kc5 52. b4+ Kc6 53. Kf4 Nc4
54. Rc8+ Kb5 55. Rc5+ Kxb4 56. Rxd5 Nb6 57. Rd8 Kc5 58. Be4 Nc4 59. Rd1 Kb6 60.
Rc1 Ne5 61. Kf5 Kb5 62. f4 Nf7 63. Bd5 Nd6+ 64. Kg6 Kb4 65. Rc6 Nb5 66. f5 Ka5
67. Bf7 Nd4 68. Rc3 Kb5 69. Kxg7 Re4 70. Rg3 Ne2 71. Rg2 Nf4 72. Rb2+ Kc5 73.
Kxh6 Nh3 74. Kg7 Rxg4+ 75. Bg6 Ra4 76. Rb7 Ng5 77. h6 Kc6 78. Be8+ Kxb7 79.
Bxa4 1-0

[Event "Cappelle La Grande"]
[Site "Cappelle la Grande"]
[Date "2002.02.14"]
[Round "7"]
[White "Kotronias, V."]
[Black "Sprenger, J."]
[Result "1-0"]
[WhiteElo "2568"]
[BlackElo "2464"]
[PlyCount "49"]

1. e4 e6 2. d4 d5 3. Nd2 c5 4. Ngf3 cxd4 5. exd5 Qxd5 6. Bc4 Qd6 7. O-O Nf6 8.
Nb3 Nc6 9. Nbxd4 Nxd4 10. Nxd4 a6 11. Re1 Qc7 12. Qe2 Bc5 13. c3 O-O 14. Bg5
Be7 15. Rad1 b5 16. Bb3 Ra7 17. Qf3 Bb7 18. Qh3 Ne4 19. Bxe7 Qxe7 20. Bc2 Ng5
21. Qe3 h6 22. h4 Nh7 23. Nf5 Qc7 24. Nxh6+ gxh6 25. Qxa7 1-0

[Event "Cappelle La Grande"]
[Site "Cappelle la Grande"]
[Date "2002.02.14"]
[Round "7"]
[White "Neverov, V."]
[Black "Gormally, D."]
[Result "1-0"]
[WhiteElo "2578"]
[BlackElo "2506"]
[PlyCount "74"]

1. d4 d5 2. c4 c6 3. Nc3 Nf6 4. e3 a6 5. a4 e6 6. Nf3 c5 7. cxd5 exd5 8. Be2
Nc6 9. O-O Bd6 10. dxc5 Bxc5 11. b3 O-O 12. Ba3 Bxa3 13. Rxa3 Be6 14. Qa1 Qe7
15. a5 Rad8 16. Ra4 Nd7 17. b4 Nxb4 18. Rb1 Nc6 19. Rxb7 Ra8 20. Nd4 Qd6 21.
Qa3 Qxa3 22. Rxa3 Nxd4 23. exd4 Rfc8 24. f3 Nb8 25. Rb6 g6 26. Kf2 Kg7 27. Na2
Rc2 28. Nb4 Rd2 29. Nd3 Nd7 30. Rc6 Re8 31. Ke1 Rxe2+ 32. Kxe2 Nf8 33. Kd2 Bd7
34. Rxa6 Ne6 35. Rd6 Bb5 36. a6 Nxd4 37. Rxd5 Nc6 1-0

[Event "Cappelle La Grande"]
[Site "Cappelle la Grande"]
[Date "2002.02.14"]
[Round "7"]
[White "Rausis, I."]
[Black "Nisipeanu, LD."]
[Result "1/2-1/2"]
[WhiteElo "2466"]
[BlackElo "2608"]
[PlyCount "45"]

1. d4 Nf6 2. c4 e6 3. g3 d5 4. Bg2 dxc4 5. Nf3 Nc6 6. Qa4 Bb4+ 7. Bd2 Nd5 8.
Bxb4 Ndxb4 9. O-O Rb8 10. Nc3 a6 11. Ne5 O-O 12. Bxc6 Nxc6 13. Nxc6 bxc6 14.
Qxc4 Qd6 15. e3 Rxb2 16. Rab1 Rxb1 17. Rxb1 e5 18. dxe5 Qxe5 19. Qxc6 Bh3 20.
Ne2 g5 21. Qh6 Qe4 22. Qc6 Qe5 23. Ra1 1/2-1/2

[Event "Cappelle La Grande"]
[Site "Cappelle la Grande"]
[Date "2002.02.14"]
[Round "7"]
[White "Shneider, A."]
[Black "Burmakin, V."]
[Result "1/2-1/2"]
[WhiteElo "2501"]
[BlackElo "2564"]
[PlyCount "38"]

1. d4 d5 2. c4 c6 3. Nf3 Nf6 4. e3 Bf5 5. Nc3 e6 6. Nh4 Bg6 7. Qb3 Qc7 8. Nxg6
hxg6 9. h3 Nbd7 10. Bd2 Nb6 11. Rc1 Nxc4 12. Bxc4 dxc4 13. Qxc4 Rd8 14. Qa4 a6
15. Ne2 Qb8 16. Qc2 g5 17. Nc3 g4 18. Ke2 gxh3 19. Nb1 Ng8 1/2-1/2

[Event "Cappelle La Grande"]
[Site "Cappelle la Grande"]
[Date "2002.02.14"]
[Round "7"]
[White "Zagrebelny, S."]
[Black "Degraeve, JM."]
[Result "1-0"]
[WhiteElo "2503"]
[BlackElo "2591"]
[PlyCount "81"]

1. e4 c5 2. Nf3 d6 3. d4 cxd4 4. Nxd4 Nf6 5. Nc3 Nc6 6. Be2 g6 7. O-O Bg7 8.
Nb3 O-O 9. Re1 Be6 10. Bf1 d5 11. Nc5 Bg4 12. f3 d4 13. Nb5 Qb6 14. Na4 Qa5 15.
Bd2 Bxf3 16. gxf3 Qxa4 17. b3 Qa6 18. Nc7 Qb6 19. Nxa8 Rxa8 20. f4 d3+ 21. Be3
dxc2 22. Qxc2 Nd4 23. Qg2 e5 24. Rad1 Nh5 25. Qf2 Rd8 26. Bxd4 exd4 27. e5 Bf8
28. Bc4 Ng7 29. Rd3 Be7 30. Qf3 Qa5 31. Re2 b5 32. Bd5 Qc7 33. Be4 Ne6 34. Rd1
Ng7 35. Rc2 Qd7 36. Rdc1 Ne6 37. Bc6 Qc7 38. Bxb5 Qb6 39. Bd3 Bf8 40. f5 Nc5
41. e6 1-0

[Event "Open de Cappelle La Grande"]
[Site "?"]
[Date "2002.??.??"]
[Round "7.18"]
[White "Sammalvuo, Tapani"]
[Black "Lalic, Bogdan"]
[Result "1/2-1/2"]
[WhiteElo "2433"]
[BlackElo "2523"]
[PlyCount "34"]

1. Nf3 c5 2. c4 Nc6 3. d4 cxd4 4. Nxd4 Qb6 5. Nb3 e6 6. a3 Nf6 7. Nc3 Be7 8. e4
O-O 9. Be3 Qc7 10. Be2 b6 11. O-O Ba6 12. Rc1 Rac8 13. f4 Rfd8 14. e5 Ne8 15.
Nd5 Qb8 16. Nxe7+ Nxe7 17. c5 Nd5 1/2-1/2

[Event "Open de Cappelle La Grande"]
[Site "?"]
[Date "2002.??.??"]
[Round "7.38"]
[White "Matlak, Marek"]
[Black "Pert, Richard"]
[Result "1/2-1/2"]
[WhiteElo "2488"]
[BlackElo "2302"]
[PlyCount "44"]

1. Nf3 Nf6 2. c4 g6 3. Nc3 Bg7 4. e4 c5 5. d4 cxd4 6. Nxd4 Nc6 7. Be3 O-O 8.
Be2 d6 9. O-O Bd7 10. Qd2 Nxd4 11. Bxd4 Bc6 12. f3 Nd7 13. Be3 a5 14. b3 Nc5
15. Rab1 e6 16. Bd1 Qe7 17. Bc2 Rfd8 18. a3 Nd7 19. Bd3 Nc5 20. Bc2 Nd7 21. Bd3
Nc5 22. Bc2 Nd7 1/2-1/2